Guida per lavorare al meglio nei servizi di Testing e Counselling HIV Community - Based

Sábháilte in:
Sonraí bibleagrafaíochta
Údair chorparáideacha: Arcigay, Regione Veneto
Formáid: LEABHAR
Teanga:Béarla
Foilsithe / Cruthaithe: Arcigay
Clibeanna: Cuir clib leis
Níl clibeanna ann, Bí ar an gcéad duine le clib a chur leis an taifead seo!

MARC

LEADER 00000nam a2200000 4500
005 20241016185350.0
008 241016b |||||||| |||| 00| 0 eng d
040 |c GP 
110 |a Arcigay 
245 |a Guida per lavorare al meglio nei servizi di Testing e Counselling HIV Community - Based 
260 |b Arcigay 
710 |a Regione Veneto 
942 |2 ddc  |c BK  |n 0 
952 |0 0  |1 0  |2 ddc  |4 0  |6 613_000000000000000_ARC  |7 1  |9 2141  |a RM  |b RM  |d 2024-10-16  |l 0  |o 613 ARC  |p 755  |r 2024-10-16 18:54:06  |w 2024-10-16  |y BK 
999 |c 1883  |d 1883